1237 1722 1416 1536 1318 1944 1390 1420 1553 1438 1352 1147 1095 1535 1999 1381 1699 1323 1561 1596 1288 1368 1464 1440 1271 1618 1831 1629 1758 1453 1295 1992 1938 1110 1175 1378 1245 1141 1536 1727 1460 1430 1110 1216 1222 1624 1504 1512 1932 1940 1328 1570 1065 1282 1293 1408 1354 1043 1896 1331 1930 1635 1571 1875 1770 1609 1133 1671 1891 1800 1964 1937 1044 1781 1239 1058 1067 1602 1841 1141 1291 1708 1930 1623 1332 1003 1630 1613 1920 1615 1506 1327 1366 1212 1406 1817 1103 1121 1903 BCNSPRNW ULIB Ver.6.0+V

เปลี่ยนเป็นภาษาไทย

Change to English
 แสดงรายละเอียดบรรณานุกรม
  กลับหน้าหลัก

Brief Record : Get Marc (ISO 2709) : E-mail record : QR code < ปิดหน้าต่าง
LEADER : 00000nam 2200000uu 4500
001    13399124465
003     ULIB
008    150726s2548||||th 000 0 tha d
020    ^a9789749907719
090    ^aนว.^bร930ฮ ล.6
100 0  ^aโรว์ลิ่ง, เจ.เค.
245 00 ^aแฮร์รี่ พอตเตอร์ กับเจ้าชายเลือดผสม เล่ม 6/^cโรว์ลิ่ง, เจ.เค.
250    ^aพิมพ์ครั้งที่ 1
260    ^aกรุงเทพฯ :^bนานมีบุ๊คส์,^c2548
300    ^a680 หน้า
710 1  ^aนานมีบุ๊คส์
945    ^p395^l0^i021007
999    ^aเกษร โพธิ์สุวรรณ
รายการนี้ยังไม่มีแท็ก
คุณยังไม่ได้ล็อกอิน คุณสามารถมีกิจกรรมร่วมกับเว็บไซต์ได้ แต่ต้องล็อกอินก่อน ::
  ล็อกอิน

รายการสื่อสารสนเทศ

ลำดับที่ ประเภท เลขเรียก/บาร์โค้ด สถานที่ สถานะ
1. นวนิยาย
นวนิยาย
นว. ร930ฮ ล.6 ฉ.1 
  Barcode: 021007
ห้องสมุดวิทยาเขตสวรรค์ประชารักษ์
►นวนิยาย
บนชั้น
  ขอยืม

รายการใกล้เคียง
    ผู้แต่ง [โรว์ลิ่ง, เจ.เค.]

BibComment


ยังไม่เคยถูกคอมเมนท์

คอมเมนท์ทรัพยากรรายการนี้
  คอมเมนท์: แฮร์รี่ พอตเตอร์..


 Copyright 2026. Bcnsprnw @Library